000 00333nam a2200145Ia 4500
008 230718s9999 xx 000 0 und d
041 _aEng.
082 _a343.54
_bPAR-M
100 _aParekh,Manoj.H
245 0 _aMedical Jusispreduence
260 _aPakistan
_bLexis Nexis
_c2011
300 _a1064
650 _aLaw
999 _c30335
_d30335